000 00416nam a2200157Ia 4500
003 GCL
008 140319s9999 xx 000 0 ara d
040 _aGCL /
_cGCL
082 0 4 _a255.9
_bم ج
245 1 0 _aالجواهر المضئية فى الاسلام وحماية البيئة
490 _aكتاب
_v0
650 0 4 _aالقانون
650 0 4 _aالبيئة
650 0 4 _aالاسلام
942 _2ddc
_cBK
999 _c43119
_d43119